Catálogo

Vista normal Vista MARC

Entrada Personal Name

Número de registros utilizados en: 2

001 - CONTROL NUMBER

  • control field: 11442

003 - CONTROL NUMBER IDENTIFIER

  • control field: DLC

005 - DATE AND TIME OF LATEST TRANSACTION

  • control field: 20210506101624.0

008 - FIXED-LENGTH DATA ELEMENTS

  • fixed length control field: 200723n| azannaabn |a aaa

010 ## - LIBRARY OF CONGRESS CONTROL NUMBER

  • LC control number: n 2020184514

035 ## - SYSTEM CONTROL NUMBER

  • System control number: (DNLM)1858959

040 ## - CATALOGING SOURCE

  • Original cataloging agency: DNLM
  • Language of cataloging: spa
  • Transcribing agency: Mx-PuUPA
  • Description conventions: rda
  • Modifying agency: Mx-PuUPA

100 1# - HEADING--PERSONAL NAME

  • Personal name: González Rodríguez, Francisco,

373 ## - ASSOCIATED GROUP

  • Associated group: Instituto Politécnico Nacional (Mexico). Escuela de Enfermería y Obstetricia
  • Source of term: naf

374 ## - OCCUPATION

  • Occupation: Autor

375 ## - GENDER

  • Gender: hombre

377 ## - ASSOCIATED LANGUAGE

  • Language code: spa

400 1# - SEE FROM TRACING--PERSONAL NAME

  • Personal name: Rodríguez, Francisco González

670 ## - SOURCE DATA FOUND

  • Source citation: Legislación en enfermería, 2010:
  • Information found: title page (Francisco González Rodríguez) p. facing t.p. (Licenciado en derecho y profesor de legislación, Escula Superior de Enfermería y Obstetricia del Instituto Politécnico Nacional)